[Event "Championnat de Belgique \"Experts\" 2018"]
[Site "Roux, Belgium"]
[Date "2018.07.30"]
[Round "3.1"]
[White "Dgebuadze, Alexandre"]
[Black "Hovhannisyan, Mher"]
[Result "0-1"]
[WhiteTitle "GM"]
[BlackTitle "IM"]
[WhiteElo "2519"]
[BlackElo "2456"]

1. e4 {[%clk 01:30:30]} {[%emt 00:00:29]} e6 {[%clk 01:30:47]} {[%emt
00:00:13]} 2. d4 {[%clk 01:30:54]} {[%emt 00:00:06]} d5 {[%clk 01:31:03]}
{[%emt 00:00:14]} 3. Nc3 {[%clk 01:31:04]} {[%emt 00:00:20]} Nf6 {[%clk
01:30:24]} {[%emt 00:01:08]} 4. Bg5 {[%clk 01:31:13]} {[%emt 00:00:21]} dxe4
{[%clk 01:22:38]} {[%emt 00:08:17]} 5. Nxe4 {[%clk 01:30:53]} {[%emt 00:00:50]}
Be7 {[%clk 01:22:55]} {[%emt 00:00:13]} 6. Bxf6 {[%clk 01:30:48]} {[%emt
00:00:35]} gxf6 {[%clk 01:23:21]} {[%emt 00:00:04]} 7. Nf3 {[%clk 01:31:00]}
{[%emt 00:00:18]} a6 {[%clk 01:23:41]} {[%emt 00:00:10]} 8. a4 {[%clk
01:30:47]} {[%emt 00:00:43]} f5 {[%clk 01:19:31]} {[%emt 00:04:40]} 9. Ned2
{[%clk 01:22:25]} {[%emt 00:08:52]} b6 {[%clk 01:09:02]} {[%emt 00:10:59]} 10.
Nc4 {[%clk 01:14:27]} {[%emt 00:08:27]} Bb7 {[%clk 01:08:14]} {[%emt 00:01:19]}
11. Nfe5 {[%clk 01:02:36]} {[%emt 00:12:20]} Nd7 {[%clk 01:02:02]} {[%emt
00:06:42]} 12. Qh5 {[%clk 00:43:36]} {[%emt 00:19:30]} Nxe5 {[%clk 00:53:05]}
{[%emt 00:09:28]} 13. Nxe5 {[%clk 00:43:47]} {[%emt 00:00:19]} O-O {[%clk
00:49:13]} {[%emt 00:04:22]} 14. Rd1 {[%clk 00:38:54]} {[%emt 00:05:23]} f6
{[%clk 00:43:45]} {[%emt 00:05:59]} 15. Nc4 {[%clk 00:27:17]} {[%emt 00:12:07]}
Kh8 {[%clk 00:41:22]} {[%emt 00:02:53]} 16. Ne3 {[%clk 00:22:45]} {[%emt
00:05:01]} f4 {[%clk 00:33:30]} {[%emt 00:08:22]} 17. Ng4 {[%clk 00:17:18]}
{[%emt 00:05:57]} Rg8 {[%clk 00:21:37]} {[%emt 00:12:23]} 18. Nh6 {[%clk
00:12:12]} {[%emt 00:05:35]} Qe8 {[%clk 00:21:04]} {[%emt 00:01:04]} 19. Qxe8
{[%clk 00:11:22]} {[%emt 00:01:21]} Rgxe8 {[%clk 00:21:30]} {[%emt 00:00:04]}
20. f3 {[%clk 00:11:30]} {[%emt 00:00:22]} Kg7 {[%clk 00:17:21]} {[%emt
00:04:40]} 21. Ng4 {[%clk 00:11:56]} {[%emt 00:00:03]} c5 {[%clk 00:16:34]}
{[%emt 00:01:17]} 22. dxc5 {[%clk 00:10:17]} {[%emt 00:02:09]} Bxc5 {[%clk
00:16:42]} {[%emt 00:00:22]} 23. Rd7+ {[%clk 00:10:06]} {[%emt 00:00:41]} Re7
{[%clk 00:17:08]} {[%emt 00:00:04]} 24. Rxe7+ {[%clk 00:09:51]} {[%emt
00:00:45]} Bxe7 {[%clk 00:17:36]} {[%emt 00:00:02]} 25. Bc4 {[%clk 00:09:34]}
{[%emt 00:00:47]} Rc8 {[%clk 00:14:12]} {[%emt 00:03:53]} 26. Bb3 {[%clk
00:08:07]} {[%emt 00:01:58]} h5 {[%clk 00:05:40]} {[%emt 00:09:02]} 27. Nf2
{[%clk 00:08:28]} {[%emt 00:00:08]} f5 {[%clk 00:04:25]} {[%emt 00:01:46]} 28.
Ke2 {[%clk 00:04:06]} {[%emt 00:04:52]} Kf6 {[%clk 00:04:17]} {[%emt 00:00:37]}
29. Rd1 {[%clk 00:03:14]} {[%emt 00:01:21]} Rg8 {[%clk 00:01:48]} {[%emt
00:02:59]} 30. Kf1 {[%clk 00:02:26]} {[%emt 00:01:18]} Rd8 {[%clk 00:01:03]}
{[%emt 00:01:15]} 31. Rxd8 {[%clk 00:01:03]} {[%emt 00:01:53]} Bxd8 {[%clk
00:01:32]} {[%emt 00:00:01]} 32. Nd3 {[%clk 00:01:18]} {[%emt 00:00:15]} Bc7
{[%clk 00:01:39]} {[%emt 00:00:24]} 33. Bc4 {[%clk 00:01:37]} {[%emt 00:00:11]}
Bd6 {[%clk 00:01:12]} {[%emt 00:00:56]} 34. c3 {[%clk 00:00:57]} {[%emt
00:01:11]} e5 {[%clk 00:01:00]} {[%emt 00:00:42]} 35. Ke2 {[%clk 00:00:53]}
{[%emt 00:00:33]} h4 {[%clk 00:00:57]} {[%emt 00:00:33]} 36. Nf2 {[%clk
00:01:00]} {[%emt 00:00:24]} e4 {[%clk 00:00:53]} {[%emt 00:00:35]} 37. Bb3
{[%emt 00:00:35]} Ke5 {[%clk 00:00:36]} {[%emt 00:00:45]} 38. Bc4 {[%clk
00:01:02]} {[%emt 00:00:25]} a5 {[%clk 00:00:41]} {[%emt 00:00:25]} 39. Bb5
{[%clk 00:01:13]} {[%emt 00:00:19]} Bc5 {[%clk 00:00:59]} {[%emt 00:00:12]} 40.
Nh3 {[%clk 00:01:23]} {[%emt 00:00:19]} Be7 {[%clk 00:00:44]} {[%emt 00:00:45]}
41. Nf2 {[%clk 00:01:43]} {[%emt 00:00:10]} Bd5 {[%clk 00:24:30]} {[%emt
00:06:44]} 42. Nh3 {[%clk 00:25:45]} {[%emt 00:06:28]} Ba8 {[%clk 00:23:05]}
{[%emt 00:01:54]} 43. Nf2 {[%clk 00:26:03]} {[%emt 00:00:12]} Bb7 {[%clk
00:23:28]} {[%emt 00:00:08]} 44. Nh3 {[%clk 00:26:28]} {[%emt 00:00:05]} Bc5
{[%clk 00:18:37]} {[%emt 00:05:21]} 45. Nf2 {[%clk 00:19:01]} {[%emt 00:07:57]}
Be3 {[%clk 00:15:25]} {[%emt 00:03:40]} 46. Nd1 {[%clk 00:09:12]} {[%emt
00:10:20]} Bg1 {[%clk 00:10:31]} {[%emt 00:05:24]} 47. Nf2 {[%clk 00:07:17]}
{[%emt 00:02:25]} Bxh2 {[%clk 00:09:12]} {[%emt 00:01:49]} 48. Nh3 {[%clk
00:01:37]} {[%emt 00:06:11]} Bd5 {[%clk 00:07:06]} {[%emt 00:02:36]} 49. Kf2
{[%clk 00:01:16]} {[%emt 00:00:51]} Bg3+ {[%clk 00:05:26]} {[%emt 00:02:10]} 50.
Ke2 {[%clk 00:01:40]} {[%emt 00:00:05]} Bh2 {[%clk 00:04:15]} {[%emt 00:01:42]}
51. Kf2 {[%clk 00:02:06]} {[%emt 00:00:04]} Bb3 {[%clk 00:04:28]} {[%emt
00:00:17]} 52. Ng5 {[%clk 00:01:56]} {[%emt 00:00:41]} Kd5 {[%clk 00:03:35]}
{[%emt 00:01:23]} 53. Ke2 {[%clk 00:02:00]} {[%emt 00:00:26]} Bg1 {[%clk
00:03:22]} {[%emt 00:00:43]} 54. Be8 {[%clk 00:01:01]} {[%emt 00:01:29]} Bc4+
{[%clk 00:03:18]} {[%emt 00:00:33]} 55. Ke1 {[%clk 00:01:28]} {[%emt 00:00:04]}
Ke5 {[%clk 00:02:54]} {[%emt 00:00:53]} 56. Bc6 {[%clk 00:01:27]} {[%emt
00:00:31]} e3 {[%clk 00:01:01]} {[%emt 00:02:23]} 57. Nh3 {[%clk 00:01:01]}
{[%emt 00:00:56]} Bh2 {[%clk 00:01:27]} {[%emt 00:00:05]} 58. Kd1 {[%clk
00:00:34]} {[%emt 00:00:58]} Bf1 {[%clk 00:01:28]} {[%emt 00:00:28]} 59. Bb5
{[%clk 00:00:35]} {[%emt 00:00:30]} Bxg2 {[%clk 00:01:38]} {[%emt 00:00:20]} 60.
Ng5 {[%clk 00:00:51]} {[%emt 00:00:14]} Kf6 {[%clk 00:01:40]} {[%emt 00:00:28]}
61. Nh7+ {[%clk 00:01:15]} {[%emt 00:00:06]} Kg7 {[%clk 00:01:21]} {[%emt
00:00:49]} 62. Ng5 {[%clk 00:01:40]} {[%emt 00:00:05]} Kg6 {[%clk 00:01:37]}
{[%emt 00:00:14]} 63. Ne6 {[%clk 00:01:56]} {[%emt 00:00:14]} h3 {[%clk
00:01:32]} {[%emt 00:00:36]} 0-1

[Event "Championnat de Belgique \"Experts\" 2018"]
[Site "Roux, Belgium"]
[Date "2018.07.30"]
[Round "3.2"]
[White "Ringoir, Tanguy"]
[Black "Fontaine, Quentin"]
[Result "1/2-1/2"]
[WhiteTitle "GM"]
[BlackTitle "FM"]
[WhiteElo "2530"]
[BlackElo "2313"]

1. d4 {[%clk 01:27:23]} {[%emt 00:03:36]} Nf6 {[%clk 01:30:45]} {[%emt
00:00:15]} 2. Nf3 {[%clk 01:27:32]} {[%emt 00:00:21]} d5 {[%clk 01:30:55]}
{[%emt 00:00:21]} 3. c4 {[%clk 01:27:51]} {[%emt 00:00:10]} e6 {[%clk
01:31:15]} {[%emt 00:00:10]} 4. g3 {[%clk 01:28:15]} {[%emt 00:00:06]} Be7
{[%clk 01:31:32]} {[%emt 00:00:13]} 5. Bg2 {[%clk 01:28:39]} {[%emt 00:00:06]}
O-O {[%clk 01:31:55]} {[%emt 00:00:08]} 6. O-O {[%clk 01:29:04]} {[%emt
00:00:05]} dxc4 {[%clk 01:32:22]} {[%emt 00:00:03]} 7. Ne5 {[%clk 01:29:27]}
{[%emt 00:00:06]} Nc6 {[%clk 01:32:36]} {[%emt 00:00:16]} 8. Bxc6 {[%clk
01:29:38]} {[%emt 00:00:19]} bxc6 {[%clk 01:33:02]} {[%emt 00:00:05]} 9. Nxc6
{[%clk 01:30:03]} {[%emt 00:00:05]} Qe8 {[%clk 01:33:29]} {[%emt 00:00:03]} 10.
Nxe7+ {[%clk 01:30:27]} {[%emt 00:00:06]} Qxe7 {[%clk 01:33:55]} {[%emt
00:00:03]} 11. Qc2 {[%clk 01:30:41]} {[%emt 00:00:16]} c5 {[%clk 01:34:03]}
{[%emt 00:00:23]} 12. Qxc4 {[%clk 01:30:55]} {[%emt 00:00:17]} cxd4 {[%clk
01:34:28]} {[%emt 00:00:04]} 13. Qxd4 {[%clk 01:31:20]} {[%emt 00:00:05]} e5
{[%clk 01:34:54]} {[%emt 00:00:04]} 14. Qh4 {[%clk 01:31:45]} {[%emt 00:00:05]}
Rb8 {[%clk 01:34:53]} {[%emt 00:00:32]} 15. Nc3 {[%clk 01:25:35]} {[%emt
00:06:39]} Qe6 {[%clk 01:31:10]} {[%emt 00:04:13]} 16. e4 {[%clk 01:13:20]}
{[%emt 00:12:44]} Ba6 {[%clk 01:14:43]} {[%emt 00:16:57]} 17. Rd1 {[%clk
01:05:32]} {[%emt 00:08:18]} Rfc8 {[%clk 01:14:23]} {[%emt 00:00:51]} 18. Bg5
{[%clk 00:56:39]} {[%emt 00:09:23]} Rxb2 {[%clk 01:07:40]} {[%emt 00:07:13]} 19.
Rac1 {[%clk 00:55:42]} {[%emt 00:01:27]} h6 {[%clk 01:04:17]} {[%emt 00:03:54]}
20. Bxf6 {[%clk 00:47:15]} {[%emt 00:08:56]} Qxf6 {[%clk 01:04:39]} {[%emt
00:00:08]} 21. Qxf6 {[%clk 00:47:39]} {[%emt 00:00:06]} gxf6 {[%clk 01:05:06]}
{[%emt 00:00:03]} 22. a4 {[%clk 00:38:08]} {[%emt 00:10:01]} 1/2-1/2

[Event "Championnat de Belgique \"Experts\" 2018"]
[Site "Roux, Belgium"]
[Date "2018.07.30"]
[Round "3.4"]
[White "Docx, Stefan"]
[Black "Sadkowski, Daniel"]
[Result "1-0"]
[WhiteTitle "IM"]
[BlackTitle "FM"]
[WhiteElo "2444"]
[BlackElo "2235"]

1. Nf3 {[%clk 01:30:41]} {[%emt 00:00:16]} d5 {[%clk 01:29:22]} {[%emt
00:01:39]} 2. c4 {[%clk 01:29:51]} {[%emt 00:01:19]} e6 {[%clk 01:28:48]}
{[%emt 00:01:05]} 3. g3 {[%clk 01:29:57]} {[%emt 00:00:23]} dxc4 {[%clk
01:26:28]} {[%emt 00:02:52]} 4. Bg2 {[%clk 01:29:58]} {[%emt 00:00:28]} Nf6
{[%clk 01:26:28]} {[%emt 00:00:31]} 5. Na3 {[%clk 01:29:34]} {[%emt 00:00:53]}
c5 {[%clk 01:25:29]} {[%emt 00:01:30]} 6. Nxc4 {[%clk 01:29:01]} {[%emt
00:01:03]} Nc6 {[%clk 01:24:48]} {[%emt 00:01:11]} 7. O-O {[%clk 01:26:40]}
{[%emt 00:02:51]} Be7 {[%clk 01:24:41]} {[%emt 00:00:37]} 8. b3 {[%clk
01:26:50]} {[%emt 00:00:21]} O-O {[%clk 01:23:22]} {[%emt 00:01:49]} 9. Bb2
{[%clk 01:26:33]} {[%emt 00:00:46]} Qc7 {[%clk 01:14:59]} {[%emt 00:08:53]} 10.
Nfe5 {[%clk 01:18:25]} {[%emt 00:08:37]} Bd7 {[%clk 01:12:38]} {[%emt
00:02:51]} 11. Rc1 {[%clk 01:15:08]} {[%emt 00:03:47]} Rfd8 {[%clk 01:07:34]}
{[%emt 00:05:34]} 12. Nxd7 {[%clk 01:07:36]} {[%emt 00:08:02]} Qxd7 {[%clk
01:05:49]} {[%emt 00:02:16]} 13. d3 {[%clk 01:03:06]} {[%emt 00:04:59]} Rac8
{[%clk 01:05:14]} {[%emt 00:01:05]} 14. Qd2 {[%clk 01:00:48]} {[%emt 00:02:49]}
b6 {[%clk 00:58:01]} {[%emt 00:07:43]} 15. f4 {[%clk 00:58:07]} {[%emt
00:03:11]} Nd5 {[%clk 00:55:07]} {[%emt 00:03:24]} 16. f5 {[%clk 00:42:27]}
{[%emt 00:16:10]} Bf8 {[%clk 00:23:35]} {[%emt 00:32:02]} 17. Bh3 {[%clk
00:37:13]} {[%emt 00:05:44]} Nc7 {[%clk 00:23:50]} {[%emt 00:00:15]} 18. Rf2
{[%clk 00:36:10]} {[%emt 00:01:33]} exf5 {[%clk 00:19:01]} {[%emt 00:05:19]} 19.
Bxf5 {[%clk 00:34:58]} {[%emt 00:01:41]} Ne6 {[%clk 00:19:25]} {[%emt
00:00:06]} 20. Rcf1 {[%clk 00:34:41]} {[%emt 00:00:47]} Rc7 {[%clk 00:19:13]}
{[%emt 00:00:43]} 21. Be5 {[%clk 00:30:05]} {[%emt 00:05:05]} Nxe5 {[%clk
00:06:45]} {[%emt 00:12:59]} 22. Nxe5 {[%clk 00:30:18]} {[%emt 00:00:15]} Qd4
{[%clk 00:05:36]} {[%emt 00:01:40]} 23. Bxe6 {[%clk 00:23:40]} {[%emt
00:07:08]} Qxe5 {[%clk 00:04:00]} {[%emt 00:02:07]} 24. Bxf7+ {[%clk 00:22:14]}
{[%emt 00:01:56]} Kh8 {[%clk 00:04:11]} {[%emt 00:00:19]} 25. Rf5 {[%clk
00:21:55]} {[%emt 00:00:48]} Qd4+ {[%clk 00:03:55]} {[%emt 00:00:47]} 26. e3
{[%clk 00:21:22]} {[%emt 00:01:03]} Qd6 {[%clk 00:04:06]} {[%emt 00:00:19]} 27.
Rd5 {[%clk 00:19:58]} {[%emt 00:01:54]} Qe7 {[%clk 00:04:10]} {[%emt 00:00:26]}
28. Qf2 {[%clk 00:18:59]} {[%emt 00:01:26]} Rcc8 {[%clk 00:03:16]} {[%emt
00:01:27]} 29. Rh5 {[%clk 00:18:25]} {[%emt 00:01:03]} Qd6 {[%clk 00:02:11]}
{[%emt 00:01:36]} 30. Qf5 {[%clk 00:17:44]} {[%emt 00:01:11]} h6 {[%clk
00:02:25]} {[%emt 00:00:17]} 31. Be6 {[%clk 00:16:59]} {[%emt 00:01:14]} Rc7
{[%clk 00:02:37]} {[%emt 00:00:19]} 32. Qg6 {[%clk 00:16:57]} {[%emt 00:00:31]}
1-0

[ePGN "0.1;DGT LiveChess/2.1"]

[Event "Championnat de Belgique \"Experts\" 2018"]
[Site "Roux, Belgium"]
[Date "2018.07.30"]
[Round "4.2"]
[White "Sadkowski, Daniel"]
[Black "Dardha, Daniel"]
[Result "0-1"]
[WhiteTitle "FM"]
[BlackTitle "FM"]
[WhiteElo "2235"]
[BlackElo "2330"]

1. d4 {[%clk 01:30:56]} {[%emt 00:00:03]} Nf6 {[%clk 01:30:56]} {[%emt
00:00:05]} 2. c4 {[%clk 01:31:08]} {[%emt 00:00:18]} e6 {[%clk 01:31:20]}
{[%emt 00:00:05]} 3. g3 {[%clk 01:31:18]} {[%emt 00:00:19]} d5 {[%clk
01:30:22]} {[%emt 00:01:29]} 4. Nf3 {[%clk 01:31:26]} {[%emt 00:00:21]} Bb4+
{[%clk 01:30:46]} {[%emt 00:00:07]} 5. Bd2 {[%clk 01:27:22]} {[%emt 00:04:34]}
Be7 {[%clk 01:31:07]} {[%emt 00:00:09]} 6. Bg2 {[%clk 01:27:13]} {[%emt
00:00:38]} O-O {[%clk 01:31:30]} {[%emt 00:00:08]} 7. O-O {[%clk 01:27:33]}
{[%emt 00:00:10]} c6 {[%clk 01:31:56]} {[%emt 00:00:04]} 8. Qc2 {[%clk
01:26:19]} {[%emt 00:01:43]} Nbd7 {[%clk 01:32:01]} {[%emt 00:00:27]} 9. Bf4
{[%clk 01:25:45]} {[%emt 00:01:04]} Ne4 {[%clk 01:31:28]} {[%emt 00:01:03]} 10.
Nc3 {[%clk 01:06:18]} {[%emt 00:19:57]} g5 {[%clk 01:24:09]} {[%emt 00:07:50]}
11. Be3 {[%clk 01:05:33]} {[%emt 00:01:14]} f5 {[%clk 01:24:29]} {[%emt
00:00:10]} 12. Rad1 {[%clk 01:05:39]} {[%emt 00:00:24]} Bf6 {[%clk 00:59:28]}
{[%emt 00:25:32]} 13. Ne5 {[%clk 00:54:22]} {[%emt 00:11:46]} Nd6 {[%clk
00:48:22]} {[%emt 00:11:36]} 14. cxd5 {[%clk 00:51:41]} {[%emt 00:03:10]} exd5
{[%clk 00:41:36]} {[%emt 00:07:16]} 15. f4 {[%clk 00:51:40]} {[%emt 00:00:31]}
g4 {[%clk 00:41:39]} {[%emt 00:00:27]} 16. h3 {[%clk 00:48:22]} {[%emt
00:03:47]} gxh3 {[%clk 00:39:18]} {[%emt 00:02:52]} 17. Bxh3 {[%clk 00:48:45]}
{[%emt 00:00:07]} Kh8 {[%clk 00:39:15]} {[%emt 00:00:34]} 18. Kf2 {[%clk
00:43:56]} {[%emt 00:05:17]} Nb6 {[%emt 00:06:56]} 19. Rh1 {[%clk 00:40:43]}
{[%emt 00:03:42]} Rg8 {[%clk 00:31:50]} {[%emt 00:01:31]} 20. Rdg1 {[%clk
00:40:01]} {[%emt 00:01:11]} Qe7 {[%clk 00:30:55]} {[%emt 00:01:25]} 21. Ke1
{[%clk 00:37:27]} {[%emt 00:03:04]} Be6 {[%clk 00:30:53]} {[%emt 00:00:33]} 22.
Bf2 {[%clk 00:36:45]} {[%emt 00:01:12]} Rg7 {[%clk 00:30:29]} {[%emt 00:00:55]}
23. Kd1 {[%clk 00:33:20]} {[%emt 00:03:55]} Ne4 {[%clk 00:29:49]} {[%emt
00:01:09]} 24. Nxe4 {[%clk 00:32:59]} {[%emt 00:00:51]} dxe4 {[%clk 00:30:03]}
{[%emt 00:00:16]} 25. Kc1 {[%clk 00:30:08]} {[%emt 00:03:21]} Nd5 {[%clk
00:29:05]} {[%emt 00:01:28]} 26. a3 {[%clk 00:30:29]} {[%emt 00:00:09]} Rag8
{[%clk 00:26:07]} {[%emt 00:03:28]} 27. e3 {[%clk 00:30:05]} {[%emt 00:00:54]}
Rc8 {[%clk 00:26:03]} {[%emt 00:00:34]} 28. Kb1 {[%clk 00:29:29]} {[%emt
00:01:06]} c5 {[%clk 00:25:13]} {[%emt 00:01:20]} 29. dxc5 {[%clk 00:26:17]}
{[%emt 00:03:43]} Rxc5 {[%clk 00:25:27]} {[%emt 00:00:16]} 30. Qd2 {[%clk
00:24:51]} {[%emt 00:01:55]} Nb6 {[%clk 00:20:07]} {[%emt 00:05:50]} 31. Rc1
{[%clk 00:23:47]} {[%emt 00:01:34]} Nc4 {[%clk 00:18:26]} {[%emt 00:02:11]} 32.
Nxc4 {[%clk 00:23:28]} {[%emt 00:00:49]} Bxc4 {[%clk 00:16:17]} {[%emt
00:02:38]} 33. Bf1 {[%clk 00:21:27]} {[%emt 00:02:30]} Rd5 {[%clk 00:13:45]}
{[%emt 00:03:03]} 34. Qb4 {[%clk 00:14:11]} {[%emt 00:07:46]} Rb5 {[%clk
00:11:42]} {[%emt 00:02:34]} 35. Qxb5 {[%clk 00:11:07]} {[%emt 00:03:34]} Bxb5
{[%clk 00:11:49]} {[%emt 00:00:23]} 36. Bxb5 {[%clk 00:11:31]} {[%emt
00:00:07]} a6 {[%clk 00:11:57]} {[%emt 00:00:21]} 37. Bc4 {[%clk 00:11:21]}
{[%emt 00:00:39]} Qd8 {[%clk 00:12:02]} {[%emt 00:00:25]} 38. Be6 {[%clk
00:02:24]} {[%emt 00:09:27]} Rc7 {[%clk 00:11:17]} {[%emt 00:01:15]} 39. Rxc7
{[%clk 00:01:03]} {[%emt 00:01:52]} Qxc7 {[%clk 00:11:46]} {[%emt 00:00:01]}
0-1

[Event "Championnat de Belgique \"Experts\" 2018"]
[Site "Roux, Belgium"]
[Date "2018.07.30"]
[Round "4.3"]
[White "Hautot, Stéphane"]
[Black "Docx, Stefan"]
[Result "1-0"]
[WhiteTitle "IM"]
[BlackTitle "IM"]
[WhiteElo "2338"]
[BlackElo "2444"]

1. Nf3 {[%clk 01:30:56]} {[%emt 00:00:03]} Nf6 {[%clk 01:30:06]} {[%emt
00:00:53]} 2. g3 {[%clk 01:30:19]} {[%emt 00:01:08]} d5 {[%clk 01:30:20]}
{[%emt 00:00:15]} 3. Bg2 {[%clk 01:30:41]} {[%emt 00:00:08]} c5 {[%clk
01:30:39]} {[%emt 00:00:10]} 4. O-O {[%clk 01:30:51]} {[%emt 00:00:21]} e6
{[%clk 01:31:03]} {[%emt 00:00:05]} 5. d4 {[%clk 01:29:02]} {[%emt 00:02:20]}
cxd4 {[%clk 01:31:18]} {[%emt 00:00:14]} 6. Nxd4 {[%clk 01:29:26]} {[%emt
00:00:07]} e5 {[%clk 01:31:42]} {[%emt 00:00:05]} 7. Nb3 {[%clk 01:29:14]}
{[%emt 00:00:43]} Be6 {[%clk 01:32:01]} {[%emt 00:00:10]} 8. c4 {[%clk
01:21:06]} {[%emt 00:08:39]} Nc6 {[%clk 01:30:59]} {[%emt 00:01:31]} 9. cxd5
{[%clk 01:21:17]} {[%emt 00:00:19]} Bxd5 {[%clk 01:31:02]} {[%emt 00:00:27]} 10.
Nc3 {[%clk 01:21:23]} {[%emt 00:00:25]} Bxg2 {[%clk 01:31:22]} {[%emt
00:00:09]} 11. Kxg2 {[%clk 01:19:22]} {[%emt 00:02:31]} Bb4 {[%clk 01:31:17]}
{[%emt 00:00:34]} 12. Bg5 {[%clk 01:17:23]} {[%emt 00:02:30]} Bxc3 {[%clk
01:30:53]} {[%emt 00:00:54]} 13. bxc3 {[%clk 01:14:59]} {[%emt 00:02:55]} Qxd1
{[%clk 01:28:52]} {[%emt 00:02:30]} 14. Rfxd1 {[%clk 01:14:57]} {[%emt
00:00:33]} Ne4 {[%clk 01:29:15]} {[%emt 00:00:06]} 15. Bd2 {[%clk 01:13:46]}
{[%emt 00:01:42]} Ke7 {[%clk 01:26:58]} {[%emt 00:02:46]} 16. c4 {[%clk
01:09:03]} {[%emt 00:05:14]} Rhd8 {[%clk 01:23:31]} {[%emt 00:03:56]} 17. Be1
{[%clk 01:06:42]} {[%emt 00:02:50]} f6 {[%clk 01:21:04]} {[%emt 00:02:57]} 18.
Rd5 {[%clk 00:51:56]} {[%emt 00:15:17]} Rac8 {[%clk 01:16:56]} {[%emt
00:04:37]} 19. Rad1 {[%clk 00:47:58]} {[%emt 00:04:29]} b6 {[%clk 01:14:31]}
{[%emt 00:02:55]} 20. f3 {[%clk 00:42:44]} {[%emt 00:05:44]} Ng5 {[%clk
01:14:37]} {[%emt 00:00:24]} 21. a4 {[%clk 00:33:26]} {[%emt 00:09:49]} Ne6
{[%clk 01:14:12]} {[%emt 00:00:55]} 22. Bf2 {[%clk 00:32:52]} {[%emt 00:01:04]}
Nb4 {[%clk 01:00:37]} {[%emt 00:14:05]} 23. Rxd8 {[%clk 00:32:21]} {[%emt
00:01:01]} Rxd8 {[%clk 01:01:05]} {[%emt 00:00:02]} 24. Rb1 {[%clk 00:20:26]}
{[%emt 00:12:25]} Nc6 {[%clk 00:56:37]} {[%emt 00:04:58]} 25. c5 {[%clk
00:20:27]} {[%emt 00:00:29]} bxc5 {[%clk 00:55:51]} {[%emt 00:01:15]} 26. Nxc5
{[%clk 00:20:43]} {[%emt 00:00:15]} Nxc5 {[%clk 00:55:18]} {[%emt 00:01:02]} 27.
Bxc5+ {[%clk 00:21:07]} {[%emt 00:00:07]} Ke6 {[%clk 00:55:40]} {[%emt
00:00:07]} 28. Rb7 {[%clk 00:20:24]} {[%emt 00:01:14]} Rd7 {[%clk 00:55:52]}
{[%emt 00:00:19]} 29. Rxd7 {[%clk 00:20:37]} {[%emt 00:00:17]} Kxd7 {[%clk
00:56:19]} {[%emt 00:00:03]} 30. e4 {[%clk 00:19:09]} {[%emt 00:01:58]} a6
{[%clk 00:56:12]} {[%emt 00:00:36]} 31. f4 {[%clk 00:18:33]} {[%emt 00:01:06]}
Nd8 {[%clk 00:55:19]} {[%emt 00:01:23]} 32. f5 {[%clk 00:16:37]} {[%emt
00:02:26]} Nf7 {[%clk 00:54:23]} {[%emt 00:01:26]} 33. Kf3 {[%clk 00:14:32]}
{[%emt 00:02:35]} Nd6 {[%clk 00:53:25]} {[%emt 00:01:28]} 34. Bb4 {[%clk
00:11:38]} {[%emt 00:03:25]} Kc6 {[%clk 00:52:30]} {[%emt 00:01:25]} 35. g4
{[%clk 00:08:20]} {[%emt 00:03:48]} h6 {[%clk 00:51:30]} {[%emt 00:01:30]} 36.
Ke3 {[%clk 00:06:03]} {[%emt 00:02:46]} Nc4+ {[%clk 00:48:08]} {[%emt
00:03:52]} 37. Kf3 {[%clk 00:05:40]} {[%emt 00:00:54]} Nd6 {[%clk 00:48:21]}
{[%emt 00:00:16]} 38. h3 {[%clk 00:04:23]} {[%emt 00:01:48]} Kd7 {[%clk
00:46:20]} {[%emt 00:02:31]} 39. Ke3 {[%clk 00:04:05]} {[%emt 00:00:48]} Nc4+
{[%clk 00:46:24]} {[%emt 00:00:26]} 40. Ke2 {[%clk 00:02:22]} {[%emt 00:02:14]}
Ke8 {[%clk 00:37:23]} {[%emt 00:09:31]} 41. a5 {[%clk 00:23:44]} {[%emt
00:09:09]} Kd7 {[%clk 01:03:21]} {[%emt 00:04:32]} 42. Bf8 {[%clk 00:22:31]}
{[%emt 00:01:42]} h5 {[%clk 01:03:26]} {[%emt 00:00:24]} 43. gxh5 {[%clk
00:18:04]} {[%emt 00:04:58]} Nxa5 {[%clk 01:03:42]} {[%emt 00:00:14]} 44. Bxg7
{[%clk 00:18:29]} {[%emt 00:00:05]} Ke7 {[%clk 01:04:08]} {[%emt 00:00:05]} 45.
h6 {[%clk 00:18:47]} {[%emt 00:00:12]} Kf7 {[%clk 01:04:24]} {[%emt 00:00:13]}
46. Bh8 {[%clk 00:19:12]} {[%emt 00:00:05]} Kg8 {[%clk 00:58:45]} {[%emt
00:06:09]} 47. Bxf6 {[%clk 00:19:36]} {[%emt 00:00:06]} Nc6 {[%clk 00:59:10]}
{[%emt 00:00:05]} 48. Kd3 {[%clk 00:19:54]} {[%emt 00:00:12]} 1-0